• 首页
  • 本馆介绍
  • 公告通知
  • 最新文献
  • 馆藏检索
  • 电子资源
  • 读者导购
  • 参考咨询
  • 我的图书馆
  • 登录
  • 详细信息显示
  • 放入我的书架
  • 预约/预借图书
  • 作者相关作品
  • 分类相关作品
  • 丛书相关作品
  • 出版社相关作品

书目信息

  • 表格格式
  • 工作单格式
  • 卡片格式
题名:
万徒勒里画选
    
 
作者: 万徒勒里 绘 ;武勇 编
分册:  
出版信息: 北京   工人出版社  1985
页数: 1册
开本: 20cm
丛书名:
单 册:
中图分类: J231(784) , J23
科图分类:
主题词: 绘画--智利--现代X画册
电子资源:
ISBN:
000 00639nam0 2200241 450
001 1533316384
005 20150130091601.07
010    @dCNY6.50
091    @a8007.26
100    @a19900918d1985 em y0chiy0110 ea
101 0  @achi
102    @aCN@b110000
105    @aa z 000yy
200 1  @a万徒勒里画选@9wan tu le li hua xuan@f万徒勒里绘@g江东编
210    @a北京@c工人出版社@d1985
215    @a1册@d20cm
606 0  @a绘画@y智利@z现代X画册
690    @aJ231(784)@v5
690    @aJ23@v4
701  0 @a万徒勒里@9wan tu le li@4绘
702  0 @a武勇@9jiang dong@f(1955~)@4编
801  0 @aCN@bTSSF@c20150130
905    @aZUCC@dJ23@eJY6
    
    万徒勒里画选/万徒勒里绘/江东编.-北京:工人出版社,1985
    1册;20cm
    
    
    ISBN :CNY6.50
    
●
相关链接 在E读中查询图书 在五车中查询图书 在当当中查询图书 在豆瓣中查询图书


正题名:万徒勒里画选     索取号:J23/JY6         预约/预借

序号 登录号 条形码 馆藏地/架位号 状态 备注
1 7862256   278622563   学院路分馆/ [索取号:J23/JY6] 在馆    
唐山师范学院图书馆 欢迎您!
大连网信软件有限公司© 版权所有